Exspositio misterioru[m] misse et verus modus rite celebrandi

Bibliographic Details
Main Author: Guilelmus de Gouda, 1455-1490 (Author)
Corporate Authors: Župné múzeum (Nitra, Slovensko), Quentell, Heinrich (Kolín nad Rýnom, Nemecko) (Printer)
Other Authors: Quentell, Heinrich, zomrel 1501 (Printer)
Format: Book
Language:Latin
PhysicalDescription:a-c6, 18 fólií 4° (22 cm)
Published: Impressus Colonie [Quentell, Heinrich] [okolo 1489]
Subjects:

MARC

LEADER 00000nam a2200000 4500
001 vtls012004289
003 SK-MaSNL
005 20260301054245.0
008 251112s1489 gw 000 0 lat
015 |a SNBHFA1489 
035 |a urn:nbn:sk:snk-am00g25p 
035 |a urn:nbn:sk:snk-am3ivst 
035 |a 336B1B12-F20C-4AE0-BC35-CCBB7410ADD0 
038 |a SNKHF 
040 |a SNK  |b slo  |c SNK  |e rda 
041 0 |a lat 
044 |a gw  |c DE 
072 7 |a 2  |x Náboženstvo  |2 konspekt 
080 |a 21/29-1/-9  |2 2011 
080 |a 2-528  |2 2011 
100 0 |a Guilelmus de Gouda,  |d 1455-1490  |4 aut  |9 366001 
240 0 |a Expositio mysteriorum missae 
245 1 0 |a Exspositio misterioru[m] misse et verus modus rite celebrandi 
264 1 |a Impressus Colonie  |b [Quentell, Heinrich]  |c [okolo 1489] 
300 |a a-c6, 18 fólií  |c 4° (22 cm) 
336 |a text  |b txt  |2 rdacontent 
337 |a bez média  |b n  |2 rdamedia 
338 |b zväzok  |b nc  |2 rdacarier 
501 |a Príväzok 3. k: [Mensa philosophica]. [Kolín nad Rýnom]: [Guldenschaff, Johann], [okolo 1485].  |5 SNK Inc C 83 
510 4 |a Kotvan  |c 587 
510 4 |a Kotvan - Frimmová  |c 219 
510 4 |a ISTC  |c ig00621000 
510 4 |a GW  |c 11888 
546 |a Latinčina 
550 |a Tlačiarenské údaje doplnené podľa ISTC a Kotvana 
561 |a Proveniencia: na prednej predsátke kruhová pečiatka: Nyitravármegyei Muzeum 1900.  |5 SNK Inc C 83/prív.3 
561 |a Na tretej predsátke rukopisný text - životopis Johanna Geilera, pod ktorým je podpisaný: Erlang. 1826. P. P. Šramko.  |5 SNK Inc C 83/prív.3 
561 |a Na prednej predsátke rukopisný posesorský záznam: Emericus Lautsek Matici Sloven. Rovnaký posesor uvedený na prvom fóliu: Lauček do Slow. Matici.  |5 SNK Inc C 83/prív.3 
562 |a Rukopisné číselné poznámky na titulnom list.  |5 SNK Inc C 83/prív.3 
562 |a Latinské rukopisné marginálie v texte.  |5 SNK Inc C 83/prív.3 
562 |a Rubrikovanie a iniciály červenou farbou.  |5 SNK Inc C 83/prív.3 
563 |a Väzba: nová, drevené dosky do jednej tretiny potiahnute hnedou kožou. Na chrbte štítok s názvom.  |5 SNK Inc C 83/prív.3 
650 0 7 |a liturgia  |2 SNKPH  |9 1990 
700 1 |a Lauček, Imrich,  |d 1804-1881,  |4 fmo  |9 366002 
700 1 |a Geiler von Kaysersberg, Johannes,  |d 1445-1510  |4 oth  |9 366003 
700 1 |a Quentell, Heinrich,  |d zomrel 1501  |4 prt  |9 366004 
700 1 |a Šramko, Peter Pavel,  |d 1775-1839  |4 fmo  |9 366005 
710 2 |a Župné múzeum (Nitra, Slovensko)  |9 177162 
710 2 |a Matica slovenská  |4 fmo  |9 14662 
710 0 |a Quentell, Heinrich (Kolín nad Rýnom, Nemecko)  |4 prt  |9 366006 
752 |a Nemecko  |d Kolín nad Rýnom 
852 |a snk  |b Historické fondy  |p Inc C 83/prív.3 
958 |a ONDV 
999 |c 610470  |d 612400 
952 |t Inc C 83  |a SNK  |b SNK  |c SNK_HF  |y PREZ  |7 0  |p 17A1396649  |o snkInc C 83/prív.3  |i snk1976/1077  |8 5  |0 0  |1 0  |4 0  |d 2020-11-23  |f 1  |l 0  |r 2026-02-23 16:21:40  |w 2026-02-23